LEADER 01182nam a2200265 a 4500 001 000000159581 003 CaOOAMICUS 005 20170321154947.0 008 170321s1962 it m 001 u ita r 032 $aLibriCat 040 $aPUL$bita 100 1 $aMinciotti, Antonio.$0(OLS)http://pul/name/102052 245 12$aL'abate Luigi Cuccagni, polemistaantigiansenista / $cAntonio Minciotti . 260 $aCittā di Castello :$b[s.n.],$c1962. 300 $avi, 31 p. ;$c24 cm. 502 $aEstratto da Tesi-- Pontificia Universitā Gregoriana. Facultas Theologiae.1955. 504 $aBibliografia in nota a pič pagina. 600 14$aCuccagni, Luigi.$0(OLS)http://pul/subject/15221 710 2 $aPontificia Universitā Gregoriana.$bFacoltā di teologia.$kTesi.$0(OLS)http://pul/name/81592 850 $aPUL 852 $aPUL$W1$xDP1 Tesi Pon. Univ. Gregoriana$y40$mTH PUG 1329$j183019$qTesi$B186224$CPULBib$Z2$F186224 $H21202 $81 941 1 $a16 996 $6245$aL'abate Luigi Cuccagni, polemista antigiansenista / $9(OLS)http://pul/title/199208 996 $6260$aCittā di Castello :$b[s.n.]$9(OLS)http://pul/publisher/68302 LEADER 01262nam a2200277 a 4500 001 000000162236 003 CaOOAMICUS 005 20170724150444.0 006 a 000 u 008 170724s1989 it m 001 u eng r 032 $aLibriCat 040 $aPUL$bita 100 1 $aAmmanathukunnel, Kurian.$0(OLS)http://pul/name/104047 245 10$aAbandonment to the Kingdom and God's care : $ban interpretation of Lk 12,13-34 / $cKurian Ammanathukunnel . 260 $aRoma :$b[s.n.],$c1989. 300 $axi, 116 p. ;$c25 cm. 502 $aEstratto di Tesi -- Pontificia Universitā Gregoriana. Facoltā di Teologia. 1989. 504 $aBibliografia in nota a pič pagina. 630 04$aBiblia.$pN.T.$pLucas.$0(OLS)http://pul/subject/37878 710 2 $aPontificia Universitā Gregoriana.$bFacoltā di teologia.$kTesi.$0(OLS)http://pul/name/81592 850 $aPUL 852 $aPUL$W1$xDP1 Tesi Pon. Univ. Gregoriana$y40$mTH PUG 3594$j186223$qTesi$B189444$CPULBib$Z2$F189444 $H64789 $82 941 1 $a16 996 $6245$aAbandonment to the Kingdom and God's care : $ban interpretation of Lk 12,13-34 / $9(OLS)http://pul/title/202000 996 $6260$aRoma :$b[s.n.]$9(OLS)http://pul/publisher/47958